Lesotho business directory 2010/2011.
| Format: | Book |
|---|---|
| Published: |
Pinetown:
Brabys,
2011.
|
| Subjects: |
| LEADER | 00420cam a2200145 7i4500 | ||
|---|---|---|---|
| 001 | 0000026523 | ||
| 005 | 20110622090000.0 | ||
| 020 | 0 | 0 | |a 10163999 |
| 090 | 0 | 0 | |a LESO 338.7025 |b LES |
| 245 | 0 | 0 | |a Lesotho business directory 2010/2011. |
| 260 | 0 | 0 | |a Pinetown: |b Brabys, |c 2011. |
| 300 | # | # | |a 96p. |
| 650 | 0 | 0 | |a Business -- |x Directories -- |z Lesotho |
| 651 | 0 | 0 | |a Lesotho |
| 999 | |a B000028651 |b Directories |c Countries |e Business Information Centre | ||